Textbook of electrical technology (Record no. 130270)

MARC details
000 -LEADER
fixed length control field 00363nam a2200145Ia 4500
008 - FIXED-LENGTH DATA ELEMENTS--GENERAL INFORMATION
fixed length control field 230917s9999||||xx |||||||||||||| ||und||
040 ## - CATALOGING SOURCE
-- 109499
Original cataloging agency VIVEKANANDA LIBRARY
041 ## - Language
-- English
082 ## - DDC NUMBER
Classification number 621.3 R137T
100 ## - MAIN ENTRY--PERSONAL NAME
Personal name Rajput, R K
245 #0 - TITLE STATEMENT
Title Textbook of electrical technology
260 ## - PUBLICATION, DISTRIBUTION, ETC. (IMPRINT)
Place of publication, distribution, etc New Delhi
Name of publisher, distributor, etc Laxmi Publications
Date of publication, distribution, etc 2004
300 ## - PHYSICAL DESCRIPTION
Pages 619 p.
942 ## - ADDED ENTRY ELEMENTS (KOHA)
Koha item type Books
Holdings
Withdrawn status Lost status Damaged status Not for loan Location (home branch) Sublocation or collection (holding branch) Date acquired Koha issues (times borrowed) Koha full call number Accession No. Koha date last seen Koha item type Shelving location
        VIVEKANANDA LIBRARY VIVEKANANDA LIBRARY 17/02/2006   621.3 R137T 228377 17/09/2023 Books  
        VIVEKANANDA LIBRARY VIVEKANANDA LIBRARY 17/02/2006 4 621.3 R137T 228378 17/04/2025 Books  
        VIVEKANANDA LIBRARY VIVEKANANDA LIBRARY 17/02/2006 1 621.3 R137T 228379 17/01/2025 Books UIET Library
        VIVEKANANDA LIBRARY VIVEKANANDA LIBRARY 17/02/2006 3 621.3 R137T 228380 18/04/2025 Books UIET Library
        VIVEKANANDA LIBRARY VIVEKANANDA LIBRARY 17/02/2006 2 621.3 R137T 228381 13/06/2025 Books UIET Library
        VIVEKANANDA LIBRARY VIVEKANANDA LIBRARY 17/02/2006 6 621.3 R137T 228382 16/04/2026 Books UIET Library
        VIVEKANANDA LIBRARY VIVEKANANDA LIBRARY 17/02/2006   621.3 R137T 228383 17/09/2023 Books UIET Library
        VIVEKANANDA LIBRARY VIVEKANANDA LIBRARY 17/02/2006 5 621.3 R137T 228384 23/12/2024 Books UIET Library
        VIVEKANANDA LIBRARY VIVEKANANDA LIBRARY 17/02/2006 6 621.3 R137T 228385 09/01/2025 Books UIET Library
        VIVEKANANDA LIBRARY VIVEKANANDA LIBRARY 17/02/2006 5 621.3 R137T 228386 19/05/2025 Books UIET Library
© Designed and Maintained by Vivekananda Library, MDU Rohtak